Tây Du Ký Tập 3 Bạch Cốt Tinh

Đã lưu trong:
Sonraí Bibleagrafaíochta
Príomhúdar: Ngô Thừa Ân
Formáid: Leabhar
Teanga:Vietnamese
Clibeanna: Cuir Clib Leis
Gan Chlibeanna, Bí ar an gcéad duine leis an taifead seo a chlibeáil!
Thư viện lưu trữ: Mạng thư viện Đại học Đà Nẵng
LEADER 00612nam a2200241 4500
001 000012873
003 9197
005 20120302090339.0
008 120302s viesd
041 0 |a vie 
082 |a 880  |b NG- 
100 0 |a Ngô Thừa Ân 
245 1 0 |a Tây Du Ký  |c Ngô Thừa Ân  |n Tập 3  |p Bạch Cốt Tinh 
300 |a 255 tr.  |c 20.5 cm 
773 |t Tây Du Ký  |w 9194 
OWN |a LSP 
999 |a From the UDN01 
TYP |a Monograph 
TYP |a Printed language 
980 |a Mạng thư viện Đại học Đà Nẵng